000 01025nam a2200241 a 4500
001 BRCA_872
005 20190320203203.0
008 990715s1995 sp-a---##b---#000-0#spa-d
020 _a8460626016
040 _aDLC
_cDLC
050 4 _aNK7162
_b.S24 1995
100 1 _aSáez González, Manuela
_92905
245 1 0 _aLa colección de platería Fernández de la Mora y Mon en el Museo de Pontevedra
_cManuela Sáez González.
260 _aEspaña
_bPontevedra
_c1995
300 _a646 p.
_bil.
_c24 cm.
500 _aIncluye índice de piezas : piezas de uso domestico, objetos de escritorio, objetos de fumador, armas blancas, objetos de adorno personal, objetos de montar, cajas y otros objetos
504 _aBibliografía: p. 621-626
600 1 4 _aFernández de la Mora, Gonzalo
_vCatálogos
_xColecciones de arte
_92906
610 2 4 _aMuseo de Pontevedra
_vCatálogos
_92907
650 1 4 _aTrabajos en plata
_vCatálogos
_xColecciones privadas
_zEspaña
_92908
700 1 _aFernández de la Mora, Gonzalo
_92909
942 _2lcc
_cB
999 _c767
_d767